000 00615cam a22002293a 4500
001 20044
003 PGUSA
005 20140828083426.0
008 061207s2006||||xxu|||||s|||||000 | eng d
040 _aPGUSA
_beng
042 _adc
050 4 _aPS
100 1 _aBrand, Max,
_d1892-1944
245 1 0 _aRiders of the Silences
_h[electronic resource] /
_cMax Brand
260 _bProject Gutenberg,
_c2006
506 _aPublic domain in the USA.
516 _aElectronic text
653 _aWestern stories
830 0 _aProject Gutenberg
_v20044
856 4 0 _uhttp://www.gutenberg.org/ebooks/20044
942 _cEB
999 _c249299
_d249299